| 000 | 00496cam a2200193ua 4500 | ||
|---|---|---|---|
| 020 | _a0-87055-465-4 | ||
| 041 |
_aeng _h |
||
| 082 |
_a664.092 _bGRI/PR |
||
| 100 | _aGriffin, Roger.C . | ||
| 245 |
_aPrinciples and package development / _cC.Roger Griffin. _hTextual Documents |
||
| 250 |
_a2 / _b. |
||
| 260 |
_a : _bA V I Publishing co. , _c1985. |
||
| 300 | _a378 ; . | ||
| 504 | _a | ||
| 700 | 1 | _aBrody, Aaron . | |
| 700 | 1 | _aSacharow, Stanley . | |
| 942 | _cBK | ||
| 999 |
_c1604 _d1604 |
||